Finančný sprostredkovateľ a poradca v praxi odborný mesačník pre oblasť finančných služieb

Gespeichert in:
Bibliographische Detailangaben
Format: Schriftenreihe
Sprache:Slowakisch
Veröffentlicht: Bratislava IURA EDITION
Schlagworte:
Tags: Tag hinzufügen
Keine Tags, Fügen Sie das erste Tag hinzu!

MARC

LEADER 00000nas1a2200000$$$4500
001 0064939
005 20230908095609.8
022 |a 1337-5938 
041 0 |a slo 
044 |a SK 
245 1 0 |a Finančný sprostredkovateľ a poradca v praxi  |b odborný mesačník pre oblasť finančných služieb 
264 1 |a Bratislava  |b IURA EDITION 
500 |a Časopis prestal vychádzať, posledné číslo je 9/2008 
610 2 0 |a služby finančné 
610 2 0 |a poradenstvo finančné 
610 2 0 |a trh finančný